Právní slušnost (ekvita) a soukromé právo

Pojem ekvita. Základy uvažovania o napätí medzi právom zákonným a spravodlivým. Vklad rímských právnikov. Dogmatika.

Na minha lista:
Detalhes bibliográficos
Autor principal: Eliáš, Karel
Formato: Capítulo de Livro
Idioma:tcheco
Assuntos:
Tags: Adicionar Tag
Sem tags, seja o primeiro a adicionar uma tag!

MARC

LEADER 00000naa a2200000 4500
001 0235781
005 20220719123725.3
041 0 |a cze 
044 |a SK 
245 1 0 |a Právní slušnost (ekvita) a soukromé právo  |c Karel Eliáš 
520 |a Pojem ekvita. Základy uvažovania o napätí medzi právom zákonným a spravodlivým. Vklad rímských právnikov. Dogmatika. 
610 2 0 |a právo súkromné 
610 2 0 |a Česko 
610 2 0 |a predpisy právne 
610 2 0 |a spravodlivosť 
100 1 |a Eliáš, Karel